Statistics for Grass Type Pokemon

Click here to take the quiz!

General Stats

  • This quiz has been taken 788 times
    (102 since last reset)
  • The average score is 75 of 106

Answer Stats

Region Pokemon % Correct
KantoBulbasaur
100%
Ivysaur
100%
Venusaur
100%
JohtoChikorita
96%
Gloom
96%
Vileplume
96%
SinnohTurtwig
96%
Oddish
96%
HoennTreecko
96%
Bayleef
96%
Torterra
94%
Meganium
94%
Sceptile
94%
Grovyle
94%
Grotle
91%
Weepinbell
89%
Bellsprout
89%
Tangela
89%
Victreebel
89%
UnovaSnivy
87%
Roserade
87%
Bellossom
87%
Hoppip
85%
Skiploom
85%
Jumpluff
85%
Serperior
85%
Tangrowth
85%
Budew
85%
Roselia
85%
Paras
83%
Parasect
83%
KalosChespin
83%
Chesnaught
83%
Nuzleaf
83%
Shiftry
83%
Seedot
83%
Ludicolo
83%
Lombre
83%
Lotad
83%
Exeggutor
81%
Sunflora
81%
Servine
81%
Sunkern
81%
Breloom
79%
Shroomish
77%
AlolaRowlet
77%
Quilladin
77%
Tropius
77%
Exeggcute
77%
Decidueye
77%
Leafeon
74%
Dartrix
72%
Shaymin
72%
GalarGrookey
72%
Celebi
72%
Cacturne
68%
Cacnea
68%
Cherrim
68%
Pansage
68%
Cherubi
66%
Simisage
66%
Whimsicott
64%
Leavanny
64%
Sewaddle
64%
Rillaboom
64%
Cradily
62%
Cottonee
62%
Swadloon
62%
Petilil
62%
Lilligant
62%
Thwackey
62%
Lileep
62%
Virizion
62%
Phantump
60%
Gogoat
60%
Snover
60%
Abomasnow
60%
Wormadam (Plant Cloak)
60%
Carnivine
60%
Skiddo
57%
Tsareena
57%
Trevenant
57%
Steenee
57%
Rotom (Mow)
55%
Pumpkaboo
55%
Sawsbuck
55%
Bounsweet
55%
Ferroseed
53%
Ferrothorn
53%
Deerling
53%
Gourgeist
53%
Eldegoss
49%
Gossifleur
49%
Maractus
49%
Foongus
47%
Lurantis
43%
Fomantis
43%
Amoonguss
43%
Shiinotic
40%
Kartana
40%
Morelull
38%
Tapu Bulu
36%
Flapple
36%
Applin
34%
Appletun
34%
Dhelmise
30%

Score Distribution

Percentile by Number Answered

Percent of People with Each Score

Your Score History

You have not taken this quiz since the last reset